<?xml version="1.0" encoding="UTF-8"?>
<record
    xmlns:xsi="http://www.w3.org/2001/XMLSchema-instance"
    xsi:schemaLocation="http://www.loc.gov/MARC21/slim http://www.loc.gov/standards/marcxml/schema/MARC21slim.xsd"
    xmlns="http://www.loc.gov/MARC21/slim">

  <leader>01209nam2a2200253   4500</leader>
  <controlfield tag="001">RU\NLR\BIBL_A\012014162</controlfield>
  <controlfield tag="005">20190523171209.0</controlfield>
  <datafield tag="021" ind1=" " ind2=" ">
    <subfield code="a">RU</subfield>
    <subfield code="b">&#x410;&#x41B;-&#x41F;-19-00230&#x438;</subfield>
    <subfield code="9">&#x410;&#x41B;-&#x41F;-19-0045</subfield>
  </datafield>
  <datafield tag="035" ind1=" " ind2=" ">
    <subfield code="a">(NLR Aleph) 012014162</subfield>
  </datafield>
  <datafield tag="035" ind1=" " ind2=" ">
    <subfield code="a">(RuMoRGB)009961843</subfield>
  </datafield>
  <datafield tag="090" ind1=" " ind2=" ">
    <subfield code="a">11465194</subfield>
    <subfield code="c">11465194</subfield>
  </datafield>
  <datafield tag="100" ind1=" " ind2=" ">
    <subfield code="a">20190517d2019    u  y0rusy50      ca</subfield>
  </datafield>
  <datafield tag="101" ind1="0" ind2=" ">
    <subfield code="a">rus</subfield>
  </datafield>
  <datafield tag="102" ind1=" " ind2=" ">
    <subfield code="a">RU</subfield>
  </datafield>
  <datafield tag="105" ind1=" " ind2=" ">
    <subfield code="a">ac||z|||000zy</subfield>
  </datafield>
  <datafield tag="200" ind1="0" ind2=" ">
    <subfield code="a">1</subfield>
    <subfield code="f">[&#x432;&#x441;&#x442;&#x443;&#x43F;&#x438;&#x442;&#x435;&#x43B;&#x44C;&#x43D;&#x43E;&#x435; &#x441;&#x43B;&#x43E;&#x432;&#x43E;: &#x410;&#x43B;&#x435;&#x43A;&#x441;&#x430;&#x43D;&#x434;&#x440; &#x41F;&#x440;&#x43E;&#x445;&#x430;&#x43D;&#x43E;&#x432;, &#x410;&#x43D;&#x434;&#x440;&#x435;&#x439; &#x424;&#x435;&#x444;&#x435;&#x43B;&#x43E;&#x432;, &#x436;&#x443;&#x440;&#x43D;&#x430;&#x43B;&#x438;&#x441;&#x442;]</subfield>
  </datafield>
  <datafield tag="210" ind1=" " ind2=" ">
    <subfield code="d">2019</subfield>
  </datafield>
  <datafield tag="215" ind1=" " ind2=" ">
    <subfield code="a">156 &#x441;.</subfield>
    <subfield code="c">&#x438;&#x43B;., &#x446;&#x432;. &#x438;&#x43B;., &#x43F;&#x43E;&#x440;&#x442;&#x440;.</subfield>
  </datafield>
  <datafield tag="461" ind1=" " ind2="0">
    <subfield code="1">001RU\NLR\BIBL_A\012018837</subfield>
    <subfield code="1">2001#$a&#x41F;&#x43E;&#x43B;&#x438;&#x442;&#x438;&#x447;&#x435;&#x441;&#x43A;&#x430;&#x44F; &#x433;&#x440;&#x430;&#x444;&#x438;&#x43A;&#x430;$e[&#x430;&#x43B;&#x44C;&#x431;&#x43E;&#x43C;]$f&#x413;&#x435;&#x43D;&#x43D;&#x430;&#x434;&#x438;&#x439; &#x416;&#x438;&#x432;&#x43E;&#x442;&#x43E;&#x432;$v1</subfield>
    <subfield code="1">700#1$a&#x416;&#x438;&#x432;&#x43E;&#x442;&#x43E;&#x432;$b&#x413;. &#x412;.$f1945-$g&#x413;&#x435;&#x43D;&#x43D;&#x430;&#x434;&#x438;&#x439; &#x412;&#x430;&#x441;&#x438;&#x43B;&#x44C;&#x435;&#x432;&#x438;&#x447;</subfield>
    <subfield code="9">11489322</subfield>
    <subfield code="a">&#x416;&#x438;&#x432;&#x43E;&#x442;&#x43E;&#x432;, &#x413;. &#x412;. (1945-)</subfield>
    <subfield code="c">[&#x41C;&#x43E;&#x441;&#x43A;&#x432;&#x430;]</subfield>
    <subfield code="d">2019</subfield>
    <subfield code="f">&#x413;&#x435;&#x43D;&#x43D;&#x430;&#x434;&#x438;&#x439; &#x416;&#x438;&#x432;&#x43E;&#x442;&#x43E;&#x432;</subfield>
    <subfield code="n">Art Est &#x434;&#x438;&#x437;&#x430;&#x439;&#x43D;-&#x441;&#x442;&#x443;&#x434;&#x438;&#x44F;</subfield>
    <subfield code="o">[&#x430;&#x43B;&#x44C;&#x431;&#x43E;&#x43C;]</subfield>
    <subfield code="t">&#x41F;&#x43E;&#x43B;&#x438;&#x442;&#x438;&#x447;&#x435;&#x441;&#x43A;&#x430;&#x44F; &#x433;&#x440;&#x430;&#x444;&#x438;&#x43A;&#x430;</subfield>
    <subfield code="v">1</subfield>
  </datafield>
  <datafield tag="942" ind1=" " ind2=" ">
    <subfield code="c">BOOK</subfield>
  </datafield>
  <datafield tag="980" ind1=" " ind2=" ">
    <subfield code="a">NB</subfield>
  </datafield>
  <datafield tag="995" ind1=" " ind2=" ">
    <subfield code="5">2019-05-17</subfield>
    <subfield code="a">ad</subfield>
    <subfield code="b">NLR02</subfield>
    <subfield code="c">NLR02</subfield>
    <subfield code="e">EST</subfield>
    <subfield code="f">1-2727749</subfield>
    <subfield code="k">&#x42D; &#x410;&#x43B;&#x418;&#x441;575/1-&#x416;674</subfield>
    <subfield code="o">0</subfield>
    <subfield code="p">2930.00</subfield>
    <subfield code="r">BOOK</subfield>
    <subfield code="s">_5751674</subfield>
  </datafield>
  <datafield tag="995" ind1=" " ind2=" ">
    <subfield code="5">2019-05-17</subfield>
    <subfield code="a">ad</subfield>
    <subfield code="b">NLR02</subfield>
    <subfield code="c">NLR02</subfield>
    <subfield code="e">EST</subfield>
    <subfield code="f">1-2727745</subfield>
    <subfield code="k">&#x42D; &#x410;&#x43B;&#x418;&#x441;575/1-&#x416;674</subfield>
    <subfield code="o">0</subfield>
    <subfield code="p">2930.00</subfield>
    <subfield code="r">BOOK</subfield>
    <subfield code="s">_5751674</subfield>
  </datafield>
</record>
